00654nam a2200205Ia 450000500170000000800410001704000190005804100120007708200130008910000230010224500770012526000370020230000230023944000310026250400500029363000280034365000420037165100250041385000100043820231128100227.0131103s9999 xx 000 0 und d aLoreto College aEnglish a327bJAN aJanowsky, Oscar I. aFoundations of Israelb emergence of a welfare state cOscar I. Janowsky aPrinceton bVan Nostrandc[19-?] a192 p.b ill.,maps aAn Anvil original ; no. 41 aIncludes bibliographical references and index aIsrael - Foreign Policy aPolitics - International Relations -  aPolitical Science -  aLCLIB